| 000 | 00724pam a2200265 i 4500 | ||
|---|---|---|---|
| 999 |
_c976 _d976 |
||
| 001 | 017010090 | ||
| 003 | Uk | ||
| 005 | 20200214100837.0 | ||
| 008 | 141112s2015 enk j 000 1 eng d | ||
| 015 |
_aGBB505222 _2bnb |
||
| 016 | 7 |
_a017010090 _2Uk |
|
| 040 |
_aStDuBDS _beng _cStDuBDS _dUk _erda |
||
| 042 | _aukblcatcopy | ||
| 082 | 0 | 4 |
_aFIC WAL _223 |
| 100 | 1 |
_aWallach, Tommy, _eauthor. |
|
| 245 | 1 | 0 |
_aWe all looked up / _cTommy Wallach. |
| 264 | 1 |
_aLondon : _bSimon & Schuster Children's, _c2015. |
|
| 300 |
_a370 pages ; _c20 cm |
||
| 336 |
_atext _2rdacontent |
||
| 337 |
_aunmediated _2rdamedia |
||
| 338 |
_avolume _2rdacarrier |
||
| 500 |
_aFormerly CIP. _5Uk |
||
| 655 | 0 | _aYoung adult fiction. | |
| 942 |
_2ddc _cFIC |
||